Statistics for Top 10 Suicidal Countries

Click here to take the quiz!

General Stats

  • This quiz has been taken 6,175 times
  • The average score is 4 of 10

Answer Stats

RankSuicides per 100.000 InhabitantsCountry% Correct
#924,4Japan
88%
#430,1Russia
80%
#231.0South Korea
65%
#527,4Belarus
35%
#134.1Lithuania
32%
#1022,9Latvia
31%
#725,6Kazakhstan
18%
#824,6Hungary
17%
#331,0Sri Lanka
7%
#626.4Guyana
5%

Score Distribution

Percentile by Number Answered

Percent of People with Each Score

Your Score History

You have not taken this quiz